5HLuxD.jpg

KING HENRY VIII SENIOR AND PRIMARY SCHOOL LIBRARY OPAC

Toys and games in different places / (Record no. 1405)

000 -LEADER
fixed length control field 01632cam a2200361 i 4500
001 - CONTROL NUMBER
control field 20085529
003 - CONTROL NUMBER IDENTIFIER
control field OSt
005 - DATE AND TIME OF LATEST TRANSACTION
control field 20221229112028.0
008 - FIXED-LENGTH DATA ELEMENTS--GENERAL INFORMATION
fixed length control field 171020s2018 onca j b 001 0 eng
010 ## - LIBRARY OF CONGRESS CONTROL NUMBER
LC control number 2017042528
020 ## - INTERNATIONAL STANDARD BOOK NUMBER
International Standard Book Number 9780778736660 (pbk. : alk. paper)
040 ## - CATALOGING SOURCE
Original cataloging agency DLC
Language of cataloging eng
Transcribing agency DLC
Description conventions rda
Modifying agency DLC
042 ## - AUTHENTICATION CODE
Authentication code pcc
082 00 - DEWEY DECIMAL CLASSIFICATION NUMBER
Classification number 649.55 JON
Edition number 23
100 1# - MAIN ENTRY--PERSONAL NAME
Personal name Johnson, Robin
Fuller form of name (Robin R.),
Relator term author.
245 10 - TITLE STATEMENT
Title Toys and games in different places /
Statement of responsibility, etc. Robin Johnson.
264 #1 - PRODUCTION, PUBLICATION, DISTRIBUTION, MANUFACTURE, AND COPYRIGHT NOTICE
Place of production, publication, distribution, manufacture St. Catharines, Ontario ;
-- New York, New York :
Name of producer, publisher, distributor, manufacturer Crabtree Publishing,
Date of production, publication, distribution, manufacture, or copyright notice 2018.
300 ## - PHYSICAL DESCRIPTION
Extent 24 pages :
Other physical details illustrations ;
Dimensions 25 cm.
336 ## - CONTENT TYPE
Content type term text
Content type code txt
Source rdacontent
337 ## - MEDIA TYPE
Media type term unmediated
Media type code n
Source rdamedia
338 ## - CARRIER TYPE
Carrier type term volume
Carrier type code nc
Source rdacarrier
490 0# - SERIES STATEMENT
Series statement Learning about our global community
504 ## - BIBLIOGRAPHY, ETC. NOTE
Bibliography, etc. note Includes bibliographical references (page 23) and index.
505 0# - FORMATTED CONTENTS NOTE
Formatted contents note Our global community -- Toy story -- Community center -- Culture club -- Toy traditions -- Play smart -- Top of their game -- Outdoor games -- Helping hands -- Notes to educators -- Learning more -- Glossary and index.
521 1# - TARGET AUDIENCE NOTE
Target audience note Age 5-8.
521 2# - TARGET AUDIENCE NOTE
Target audience note K to grade 3.
650 #0 - SUBJECT ADDED ENTRY--TOPICAL TERM
Topical term or geographic name entry element Toys
Form subdivision Juvenile literature.
650 #0 - SUBJECT ADDED ENTRY--TOPICAL TERM
Topical term or geographic name entry element Games
Form subdivision Juvenile literature.
776 08 - ADDITIONAL PHYSICAL FORM ENTRY
Relationship information Online version:
Main entry heading Johnson, Robin (Robin R.), author.
Title Toys and games in different places
Place, publisher, and date of publication St. Catharines, Ontario ; New York, New York : Crabtree Publishing, 2018
International Standard Book Number 9781427119681
Record control number (DLC) 2017050863
906 ## - LOCAL DATA ELEMENT F, LDF (RLIN)
a 7
b cbc
c orignew
d 1
e ecip
f 20
g y-gencatlg
942 ## - ADDED ENTRY ELEMENTS (KOHA)
Source of classification or shelving scheme
Koha item type Books - Non Ficton
Holdings
Withdrawn status Lost status Source of classification or shelving scheme Damaged status Not for loan Collection code Permanent Location Current Location Shelving location Date acquired Total Checkouts Full call number Barcode Date last seen Date last checked out Price effective from Koha item type
          Non-Fiction KH8 Primary School Library KH8 Primary School Library Non Fiction 2022-12-29 7 649.55 JON KHPL000003182 2025-12-05 2025-06-12 2022-12-29 Books - Non Ficton

Powered By KH8 IT Dept